| 000 | 00914cam a2200241Ia 4500 | ||
|---|---|---|---|
| 999 |
_c336 _d336 |
||
| 001 | 336046 | ||
| 003 | OCoLC | ||
| 005 | 20180816160157.0 | ||
| 008 | 720619s1946 nyua 001 0 eng | ||
| 010 | _a47000114 | ||
| 040 |
_aDLC _cHEI _dOCL _dFDA _dTAI |
||
| 050 | 0 | 0 |
_aBT540 _b.W3 |
| 082 |
_a233 _bW131S |
||
| 100 | 1 |
_aWagenknecht, Edward, _d1900-2004 |
|
| 245 | 1 | 4 |
_aThe story of Jesus in the world's literature / _cedited by Edward Wagenknecht; with illustrations by Fritz Kredel |
| 260 |
_aNew York : _bCreative Age Press, _c[1946] |
||
| 300 |
_a473 p. : _bill. ; _c26 x 20 cm |
||
| 500 | _aIncludes indexes | ||
| 505 | 0 | _aHis coming -- The hidden years -- Legends -- His work on earth -- The social gospel -- The passion drama -- Christ as redeemer and savior -- Afterwards -- Christ universal | |
| 520 | _aIncludes selections from numerous authors | ||
| 600 | 0 | 0 |
_aJesus Christ _xIn literature |
| 942 |
_2ddc _cBK |
||